MARC

LEADER 00000nam0a2200000 4500
001 47252
005 20231101211058.0
010 |a 5822201709 
010 |a 5-94231-094-7 
035 |a (RuTPU)RU\TPU\book\49352 
090 |a 47252 
100 |a 20030205d2002 m y0rusy50 ca 
101 0 |a rus 
102 |a RU 
105 |a a j 001zy 
200 1 |a Радиоэлектронная аппаратура и приборы: монтаж и регулировка  |e учебник  |f Г. В. Ярочкина 
210 |a Москва  |c ИРПО  |c ПрофОбрИздат  |d 2002 
215 |a 240 с.  |c ил. 
320 |a Библиогр.: с. 232. 
451 1 |0 (RuTPU)RU\TPU\book\106681  |y 5-7695-1961-4  |t Радиоэлектронная аппаратура и приборы: монтаж и регулировка  |o учебник   |f Г. В. Ярочкина  |c М.  |n Академия  |d 2004  |p 240 с.  |s Профессиональное образование  |a Ярочкина, Галина Владимировна 
606 |a Радиоэлектронная аппаратура  |x Монтаж  |2 stltpush  |3 (RuTPU)RU\TPU\subj\23486  |9 48074 
610 1 |a электромонтажные работы 
610 1 |a электрорадиоэлементы 
610 1 |a техническая документация 
610 1 |a сборка 
610 1 |a контроль 
610 1 |a регулировка 
610 1 |a испытание 
610 1 |a охрана труда 
610 1 |a электробезопасность 
610 1 |a производственная санитария 
610 1 |a надежность 
610 1 |a учебники 
675 |a 621.396.6.002.72(07)  |v 3 
700 1 |a Ярочкина  |b Г. В.  |g Галина Владимировна 
801 1 |a RU  |b 63413507  |c 20030205  |g PSBO 
801 2 |a RU  |b 63413507  |c 20130920  |g PSBO 
900 |a Радиотехника и электроника 
942 |c BK 
951 |a 552500  |b 200700